Duopoly Pricing in Spatial Competition

Analýza oligopolného (duopolného) trhu v priestore. Konkurenčný charakter dvoch firiem rozhodujúcich o svojom umiestnení s cieľom maximalizovať svoje zisky. Použitie teórie hier na riešenie problému. Súťaž o prilákanie zákazníkov vyberajúcich si jedného z výrobcov na základe celkových nákladov (cena...

Descripción completa

Guardado en:
Detalles Bibliográficos
Autor principal: Čičková, Zuzana, 1978-
Otros Autores: Holzerová, Patrícia, 1995-
Formato: Capítulo de libro
Lenguaje:inglés
Materias:
Etiquetas: Agregar Etiqueta
Sin Etiquetas, Sea el primero en etiquetar este registro!

MARC

LEADER 00000naa$a2200000$$$4500
001 0268391
005 20240502074216.9
041 0 |a eng 
044 |a SK 
245 1 0 |a Duopoly Pricing in Spatial Competition  |c Zuzana Čičková, Patrícia Holzerová 
520 |a Analýza oligopolného (duopolného) trhu v priestore. Konkurenčný charakter dvoch firiem rozhodujúcich o svojom umiestnení s cieľom maximalizovať svoje zisky. Použitie teórie hier na riešenie problému. Súťaž o prilákanie zákazníkov vyberajúcich si jedného z výrobcov na základe celkových nákladov (cena produktu, náklady na prepravu). Predpoklad známej ceny druhej spoločnosti vopred (variabilná zložka v modeli je cena), prvá spoločnosť má cenovú politiku s cieľom maximalizovať svoj zisk. Riešenie tohto problému, spolu s informáciami o konečnom zisku a názornými príkladmi. Na riešenie sa použil softvér GAMS. 
610 2 0 |a duopoly 
610 2 0 |a oligopoly 
610 2 0 |a ceny oligopolné 
610 2 0 |a modely cenové 
610 2 0 |a teória hier 
610 2 0 |a ekonomika priestorová 
610 2 0 |a súťaž hospodárska 
610 2 0 |a politika cenová 
610 2 0 |a stratégia cenová 
100 1 |a Čičková, Zuzana, 1978- 
700 1 |a Holzerová, Patrícia, 1995-